000 00240nam a2200121Ia 4500
100 _aMayer
942 _cBK
654 _aManagement
245 _aProduction Management
260 _bMcGraw Hill
_c2001
300 _a692
546 _aENGLISH
999 _c21481
_d21481